000 02794cam a22002891i 4500
001 16449957
003 EG-ScBUE
005 20250527082829.0
008 100908s2011 enkadk f b f001 0 eng d
020 _a9780521193726 (hardback)
040 _aEG-ScBUE
_beng
_erda
_cEG-ScBUE
_dEG-ScBUE
082 0 4 _a530.44
_222
_bINA
100 1 _aInan, Umran S.,
_937194
_eauthor.
245 1 0 _aPrinciples of plasma physics for engineers and scientists /
_cUmran Inan, Stanford University and Marek Gokowski, University of Colorado Denver.
264 1 _aCambridge, United Kingdom :
_bCambridge University Press,
_c2011.
300 _axiv, 270 pages :
_bcharts, forms, tables ;
_c26 cm
336 _2rdacontent
_atext
_btxt
337 _aunmediated
_2rdamedia
_bn
338 _avolume
_bnc
_2rdacarrier
504 _aIncludes bibliographical references and index.
505 8 _aMachine generated contents note : 1. Introduction ; 2. Single particle motion ; 3. Kinetic theory of plasmas ; 4. Moments of the Boltzmann equation ; 5. Multiple fluid theory of plasmas ; 6. Single fluid theory of plasmas: magnetohydrodynamics ; 7. Collisions and plasma conductivity ; 8. Plasma diffusion ; 9. Introduction to waves in plasmas ; 10. Waves in cold magnetized plasmas ; 11. Effects of collisions, ions and finite temperature on waves in magnetized plasmas ; 12. Waves in hot plasmas ; 13. Plasma sheath and the Langmuir probe ; Appendix A. Derivation of second moment of the Boltzmann equation; Appendix B. Useful vector identities.
520 _a"This unified introduction provides the tools and techniques needed to analyze plasmas and connects plasma phenomena to other fields of study. Combining mathematical rigor with qualitative explanations, and linking theory to practice with example problems, this is a perfect textbook for senior undergraduate and graduate students taking one-semester introductory plasma physics courses. For the first time, material is presented in the context of unifying principles, illustrated using organizational charts, and structured in a successive progression from single particle motion, to kinetic theory and average values, through to collective phenomena of waves in plasma. This provides students with a stronger understanding of the topics covered, their interconnections, and when different types of plasma models are applicable. Furthermore, mathematical derivations are rigorous, yet concise, so physical understanding is not lost in lengthy mathematical treatments. Worked examples illustrate practical applications of theory and students can test their new knowledge with 90 end-of-chapter problems"
650 7 _aPlasma (Ionized gases)
_vTextbooks.
_937195
_2BUEsh
655 _vReading book
700 1 _aGokowski, Marek,
_937196
_eauthor.
942 _2ddc
_cBB
999 _c18890
_d18862